[Event "ECU-ch U19"]
[Site "Loja"]
[Date "2004.07.07"]
[Round "1"]
[White "Diaz, Ciro"]
[Black "Ochoa Rodriguez, David"]
[Result "1-0"]
[WhiteElo "2050"]
[BlackElo "2059"]
[PlyCount "123"]
[EventDate "2004.07.07"]
[EventType "swiss"]
[EventRounds "5"]
[EventCountry "ECU"]
[SourceTitle "EXT 2005"]
[Source "ChessBase"]
[SourceDate "2004.11.15"]
[SourceVersion "1"]
[SourceVersionDate "2004.11.15"]
[SourceQuality "1"]

1. e4 c5 2. Nf3 d6 3. d4 cxd4 4. Nxd4 Nf6 5. Nc3 a6 6. Bg5 e6 7. f4 b5 8. Qf3 Bb7 9. Bd3 Be7 10. 0-0-0 Nbd7 11. g4 b4 12. Nce2 Qa5 13. Kb1 Nc5 14. Bxf6 Bxf6 15. g5 Be7 16. h4 Qc7 17. f5 d5 18. fxe6 fxe6 19. Rhf1 0-0-0 20. Qg4 Kb8 21. Nxe6 Qd7 22. N2d4 dxe4 23. Bc4 Rc8 24. Nf5 Qe8 25. Nexg7 Qf8 26. Ne6 Qe8 27. Qg3+ Ka7 28. Qe3 Ka8 29. Qf4 Nxe6 30. Bxe6 Rc5 31. Bd7 Qf7 32. Ng3 Qc4 33. Ba4 Rf8 34. Qe3 Rfc8 35. Bb3 Qb5 36. Rf7 Bf8 37. Rdd7 Bc6 38. Ra7+ Kb8 39. Rxh7 Rd8 40. Ne2 Rf5 41. Ba4 Rf1+ 42. Nc1 Qc5 43. Bxc6 Qxc6 44. Rhb7+ Qxb7 45. Rxb7+ Kxb7 46. Qxe4+ Kc7 47. Qe5+ Bd6 48. Qd4 Kb7 49. g6 Bf4 50. Qxb4+ Ka8 51. Qe4+ Kb8 52. a3 Bxc1 53. Ka2 Bh6 54. Qe5+ Ka8 55. g7 Rg1 56. Qc7 Rg8 57. Qc6+ Kb8 58. Qd6+ Kb7 59. Qd5+ Ka7 60. Qf7+ Kb6 61. Qxg8 Rxg7 62. Qe6+ 1-0